000 00572cam a2200169 a 4500
020 _a9789937210928
040 _cDLC
082 _a633 HIM 2008 A038 Or.
100 1 _aRajbhandari, Binayak.
245 1 0 _aFood crops :
_bagro-ecology and modern agro-techniques /
260 _aKathmandu :
_bHimalayan College of Agricultural Sciences & Technology,
_c2008.
300 _a266 p. :
_bill. (some col.) ;
_c22 cm.
650 0 _aFood crops
700 1 _aBhatta, Gopal Datt.
710 2 _aHimalayan College of Agricultural Sciences & Technology (Kathmandu, Nepal)
942 _cEK
999 _c11421
_d11421